| 000 | 02351nam a22002897a 4500 | ||
|---|---|---|---|
| 003 | DO-SdBNP | ||
| 005 | 20260219105724.0 | ||
| 007 | ta | ||
| 008 | 210825e2018 dr ||||fr|||| 001 0 spa d | ||
| 020 | _a9789945580488 | ||
| 040 |
_aDO-SdBNP _bspa _cBNPHU |
||
| 041 | _hspa | ||
| 082 | 4 |
_a378.7293 _bH557m _222 |
|
| 100 | 1 |
_d Hernández, Angel _911092 |
|
| 245 | 1 | 0 |
_aMiradas sobre la educación superior dominicana / _cÁngel Hernández; edición, Lennys Tejada Betancourt. |
| 260 |
_aSantiago de Los Caballeros, República Dominicana : _bUAPA, _c2018. |
||
| 300 |
_a161, [18] p. : _bil., tablas ; _c24 cm. |
||
| 504 | _aBibliografía: p. 167-169 | ||
| 505 |
_aIntroducción. _t1. Tendencias de la educación superior dominicana (1995-2017).-- _t2.Normativas importantes en el desarrollo de la Educación Superior Dominicana. _t3. Políticas principales del Ministerio de Educación Superior, Ciencia y Tecnología, para el fortalecimientos de la Educación Superior Dominicana.-- _t4. Creación de conocimientos e innovación en las IES Dominicanas.-- _t5. Procesos de reclutamientos, selección y formación de los docentes universitarios dominicanos.-- _t6. El libre acceso a la Universidad: Mecanismos recientes para controlarlo POMA, College Board. Prueba en medicina.-- _t7. Oferta de planes y programas de estudio y su relación con las necesidades del mercado.-- _t8. La evaluación quinquenal en la calidad de las universidades.-- _t9. La Gobernanza en las IES Dominicana.-- _t11. El postgrado en la Universidad Dominicana.-- _t12. Papel juega la Universidad Dominicana en la lucha contra la pobreza.-- _t13. Internacionalización de la Universidad Dominicana.-- _t10. ¿Cómo inciden las TIC y los recursos digitales en el desarrollo de la Universidad Dominicana?.-- _t14. El rol de la educación a distancia en el cambio de la educación superior dominicana.-- _tFinanciamiento de la educación superior.-- _tConclusión.-- _tBibliografía.-- _tAnexos. |
||
| 590 | _aInventriado 2021 / MF | ||
| 650 | 0 |
_aEducación superior _zRepública Dominicana _9730 |
|
| 650 | 4 |
_aPolítica educativa _zRepública Dominicana _910500 |
|
| 700 | 1 | 2 |
_978873 _aTejada Betancourt, Lennys G. _eed. |
| 710 | 2 |
_aUniversidad Abierta para Adultos (Santiago de los Caballeros, Republica Dominicana) _971401 |
|
| 910 | _aValidado. Control de calidad MFF | ||
| 942 |
_2ddc _cLBS1 |
||
| 999 |
_c50295 _d50295 |
||